000 00570nam a2200205Ia 4500
005 20250425161526.0
008 250425s9999 xx 000 0 und d
020 _a0853348847
041 _aeng
082 _a574.5263
100 _aPHILLIPS, DAVID J. H.
245 0 _aQUANTITATIVE AQUATIC BIOLOGICAL INDICATORS: THEIR USE TO MONITOR TRACE METAL AND ORGANOCHLORINE POLLUTION
250 _aS.E.
260 _aLONDON
260 _aReino Unido
_bAPPLIED SCIENCE PUBLISHERS
_c1980
300 _a488
650 _aECOLOGIA MARINA
942 _c01
010 _a22274
999 _c210960
_d210960